000 02877cam a2200397 i 4500
003 DO-SdBNP
005 20231004135443.0
007 ta
008 751003s2015 sp 000 f spa d
020 _a9788425393815
040 _aDO-SdBNP
_bspa
_cBNPHU
_erda
082 4 _bJ27
_222
_a823
100 1 _aJames, E. L.
_d1963-
_qErika Leonard Mitchell,
_984367
240 1 0 _aGrey /
_lEspañol
245 1 0 _aGrey /
_cE. L. James ; traducción Anuvela
246 1 _aGrey :
_bcincuenta sobras de Grey contada por Christian /
264 1 _aBarcelona, España :
_bPenguin Random House,
_bGrijalbo
_c2015.
300 _a636 páginas
_c23 cm.
336 _2rdacontent
_atexto
_btxt
337 _2rdamedia
_asin mediación
_bn
338 _2rdacarrier
_avolumen
_bnc
500 _aIncluye datos biográficos de la autora en la solapa de la contracubierta.
500 _aEl papel utilizado para la impresión de este libro ha sido fabricado a partir de madera procedente de bosques y plantaciones gestionados con los más altos estándares ambientales, garantizando una explotación de los recursos sostenible con el medio ambiente y beneficiosa para las personas. Por este motivo, Greenpeace acredita que este libro cumple los requisitos ambientales y sociales necesarios para ser considerado un libro ¨amigo de los bosques¨, que promueve la conservación y el uso sostenible de los bosques, en especial de los Bosques Primarios, los últimos bosques vírgenes del planeta.
520 _aChristian Grey ejerce control en todas las cosas; su mundo es ordenado, disciplinado y completamente vacío, hasta el día en que Anastasia Steele cae en su oficina, en una maraña de extremidades torneadas y cabello castaño alborotado. Intenta olvidarla, pero se ve arrastrado por una tormenta de emociones que no puede comprender ni resistir. A diferencia de cualquier mujer que haya conocido antes, la tímida y poco mundana Ana parece ver a través de él: más allá del prodigio de los negocios y el estilo de vida de un ático, llega al corazón frío y herido de Christian. ¿Estar con Ana disipará los horrores de su infancia que persiguen a Christian todas las noches? ¿O sus oscuros deseos sexuales, su compulsión por controlar y el autodesprecio que llena su alma alejarán a esta chica y destruirán la frágil esperanza que ella le ofrece?
590 _aInventariado, 2023/ YL
650 4 _aDominio y sumisión sexual
_vFicción.
_984368
650 4 _aControl (Psicología)
_vFicción.
_984369
650 4 _aHijos de prostitutas
_vFicción.
_984370
650 4 _aAdultos víctimas de abuso infantil
_vFicción.
_984371
650 4 _aEmpresarios
_vFicción.
_984372
650 4 _aEstudiantes universitarios
_vFicción.
_984373
651 _aSeattle (Washington)
_vFicción.
_984374
710 _aAnuvela
_etraducción
_984375
910 _aYlockward
942 _2ddc
_cLBS1
999 _c55070
_d55070